Customer Relationship Management/ (Record no. 176160)

MARC details
000 -LEADER
fixed length control field 00743nam a22001937a 4500
005 - DATE AND TIME OF LATEST TRANSACTION
control field 20201120130519.0
010 ## - LCCN (DPL NO)
LC control number ENG-128597
020 ## - INTERNATIONAL STANDARD BOOK NUMBER
International Standard Book Number 978-93-89658-57-6
Terms of availability 250.00
035 ## - SYSTEM CONTROL NUMBER
System control number EN-112129
037 ## - SOURCE OF ACQUISITION
Source of stock number/acquisition DBAD/PUB
082 ## - DEWEY DECIMAL CLASSIFICATION NUMBER
Classification number 658.812
100 ## - MAIN ENTRY--PERSONAL NAME
Personal name Mohideen, A. Sulthan
245 ## - TITLE STATEMENT
Title Customer Relationship Management/
Statement of responsibility, etc A. Sulthan Mohideen and M. Mohamed Ishaq
260 ## - PUBLICATION, DISTRIBUTION, ETC. (IMPRINT)
Place of publication, distribution, etc Tamil Nadu
Name of publisher, distributor, etc Shanlax Publications
Date of publication, distribution, etc 2020
270 ## - ADDRESS
City Tamil Nadu
Postal code 625003
Address 61, 66 T P K Main Road, Vasantha Nagar, Madurai
Telephone number 0452-4208765, 7639303383
Electronic mail address publisher@shanlaxpublications.com
300 ## - PHYSICAL DESCRIPTION
Extent 234p.
Dimensions 24cm(pbk)
Other physical details Including Illustrations and bibliographical references.
700 ## - ADDED ENTRY--PERSONAL NAME
Personal name Ishaq, M. Mohamed
942 ## - ADDED ENTRY ELEMENTS (KOHA)
Source of classification or shelving scheme Dewey Decimal Classification
Item type English Books
Classification part 658.812
Call number suffix MOH
Holdings
Withdrawn status Lost status Not for loan Collection code Home library Current library Date acquired Source of acquisition Cost, normal purchase price Full call number Barcode Copy number Cost, replacement price Koha item type
      Non-fiction Ashok Vihar Ashok Vihar 20/11/2020 DBAD/PUB 250.00 658.812 MOH EN-112129 1 250.00 English Books

© Delhi Public Library
Hit Counter
free hit counter